Padre rico, padre pobre: qué les enseñan los ricos a sus hijos acerca del dinero, ­que las clases media y pobre no!

Uloženo v:
Podrobná bibliografie
Hlavní autoři: Kiyosaki, Robert T (autor), Lechter, Sharon L (Autor)
Médium: Kniha
Jazyk:španělština
Vydáno: Buenos Aires Aguilar 2005
Vydání:1a. ed
Témata:
Tagy: Přidat tag
Žádné tagy, Buďte první, kdo vytvoří štítek k tomuto záznamu!

MARC

LEADER 00000nam a2200000 a 4500
001 UCK5830
003 CL-VaPUC
005 20241126124221.0
008 050826e20050000AG |||||||||||||||||spa|d
999 |c 314282  |d 314280 
020 |a 9870400450 
040 |c Pontificia Universidad Católica de Valparaíso 
082 0 4 |a 332.6  |b KIY  |2 21 
100 |a Kiyosaki, Robert T  |e autor  |9 565807 
245 1 0 |a Padre rico, padre pobre: qué les enseñan los ricos a sus hijos acerca del dinero, ­que las clases media y pobre no! 
250 |a 1a. ed 
260 |a Buenos Aires  |b Aguilar  |c 2005 
300 |a 251 p 
583 |a last modification  |c 20050826 00:00:00  |k Rodrigo Vera 
650 0 |a Inversiones  |9 345867 
650 0 |a Educación financiera  |9 887797 
650 0 |a Riqueza  |2 CL-VaPUC  |9 256853 
700 0 |a Lechter, Sharon L  |e author  |9 494806 
942 |c BK  |2 ddc 
945 |d 20050826 00:00:00  |a cmena 
952 |0 0  |1 0  |4 0  |6 332_600000000000000_KIY_2005  |7 0  |8 R  |9 386344  |a BIBENE  |b BIBENE  |d 2019-11-22  |i 4160452  |l 5  |o 332.6 KIY 2005  |p 4160452  |q 2025-05-11  |r 2025-04-11  |s 2025-04-11  |w 2019-11-22  |y BK_R  |k ICO 
952 |0 0  |1 0  |4 0  |6 332_600000000000000_KIY_2005  |7 0  |8 R  |9 386345  |a BIBENE  |b BIBENE  |d 2019-11-22  |i 4160460  |l 5  |m 3  |o 332.6 KIY 2005  |p 4160460  |r 2025-04-30  |s 2025-04-30  |w 2019-11-22  |y BK_R  |k ICO 
952 |0 0  |1 0  |4 0  |6 332_600000000000000_KIY_2005  |7 0  |8 R  |9 386346  |a BIBENE  |b BIBENE  |d 2019-11-22  |i 4160479  |o 332.6 KIY 2005  |p 4160479  |r 2025-01-15  |w 2019-11-22  |y BK_R  |k ICO 
952 |0 0  |1 0  |4 0  |6 332_600000000000000_KIY_2005  |7 0  |8 R  |9 386347  |a BIBENE  |b BIBENE  |d 2019-11-22  |i 4160487  |o 332.6 KIY 2005  |p 4160487  |r 2025-01-15  |w 2019-11-22  |y BK_R  |k ICO 
952 |0 0  |1 0  |4 0  |6 332_600000000000000_KIY_2005  |7 0  |8 R  |9 386348  |a BIBENE  |b BIBENE  |d 2019-11-22  |i 4160495  |l 1  |o 332.6 KIY 2005  |p 4160495  |r 2025-01-15  |s 2023-05-22  |w 2019-11-22  |y BK_R  |k ICO